IND- Geography Quiz - Statistics

General Stats
  • This quiz has been taken 37 times
  • The average score is 11 of 17
Answer Stats
Description Answer % Correct
2nd most populous country India
100%
U.S. state Indiana
97%
Its capital city Indianapolis
94%
Largest river of Pakistan Indus
91%
Former female Prime Minister of the above, Gandhi Indira
88%
Most populous isnad nation Indonesia
88%
Third largest body of water in the world Indian Ocean
85%
Controversian name for the Native Americans Indians
79%
Peninsula in South East Asia Indochina
73%
A plant that yields a blue vat dye Indigo
70%
Synonym for native Indigenous
67%
Chemical element namet after it Indium
39%
Most spoken language family Indo-European
39%
Other name for the Caribbean Basin West Indies
27%
When country has sovereignty over territory Independent
24%
An indicator, often used in statistics Index
18%
European colony within its borders Dutch East Indies
9%
No matching quizzes found
Score Distribution
Percent of People with Each Score
Percentile by Number Answered
Your Score History
You have not taken this quiz